Health and safety, environment and quality audits: (Record no. 362731)
[ view plain ]
| 000 -LEADER | |
|---|---|
| fixed length control field | 00583nam a22001577a 4500 |
| 003 - CONTROL NUMBER IDENTIFIER | |
| control field | sslc0264 |
| 005 - DATE AND TIME OF LATEST TRANSACTION | |
| control field | 20191128122707.0 |
| 008 - FIXED-LENGTH DATA ELEMENTS--GENERAL INFORMATION | |
| fixed length control field | 191128b xxu||||| |||| 00| 0 eng d |
| 100 ## - MAIN ENTRY--PERSONAL NAME | |
| Personal name | Asbury, Stephen |
| 245 ## - TITLE STATEMENT | |
| Title | Health and safety, environment and quality audits: |
| Remainder of title | a risk-based approach / |
| Statement of responsibility, etc | Stephen Asbury; Peter Ashwell |
| 260 ## - PUBLICATION, DISTRIBUTION, ETC. (IMPRINT) | |
| Place of publication, distribution, etc | Amsterdam ; Oxford : . |
| Name of publisher, distributor, etc | Butterworth-Heinemann, |
| Date of publication, distribution, etc | 2007 |
| 300 ## - PHYSICAL DESCRIPTION | |
| Extent | xviii, 230 pages : illustrations ; 24 cm |
| 690 ## - LOCAL SUBJECT ADDED ENTRY--TOPICAL TERM (OCLC, RLIN) | |
| Source of heading or term | Compliance auditing. |
| Topical term or geographic name as entry element | Compliance auditing. |
| 690 ## - LOCAL SUBJECT ADDED ENTRY--TOPICAL TERM (OCLC, RLIN) | |
| Source of heading or term | Auditing, Internal. |
| Topical term or geographic name as entry element | Auditing, Internal. |
| 942 ## - ADDED ENTRY ELEMENTS (KOHA) | |
| Source of classification or shelving scheme | Library of Congress Classification |
| Koha item type | Books |
| Withdrawn status | Lost status | Source of classification or shelving scheme | Damaged status | Home library | Current library | Shelving location | Date acquired | Source of acquisition | Sub Shelving location | Total Checkouts | Full call number | Barcode | Date last seen | Price effective from | Koha item type |
|---|---|---|---|---|---|---|---|---|---|---|---|---|---|---|---|
| Library of Congress Classification | South SEED-LPDH College Library | South SEED-LPDH College Library | South SEED-LPDH College Section | 11/28/2019 | Donation | TS156.2 .As799 2007 | SSLC0264 | 11/28/2019 | 11/28/2019 | Books |